000 nam a22 7a 4500
999 _c41060
_d41060
003 OSt
005 20180219155518.0
008 180219b xxu||||| |||| 00| 0 eng d
040 _cIIMT
100 _aKELKAR'S,R.V
245 _aCRIMINAL PROCEDURE
_hENGLISH
260 _aLUCKNOW
_bEASTERN BOOK COMPANY LUCKNOW
_c2016
300 _a940
942 _2ddc
_c02